Hands on A level, english workshops: guía didáctica
Uloženo v:
| Hlavní autoři: | , , , , , |
|---|---|
| Médium: | Kniha |
| Jazyk: | angličtina |
| Vydáno: |
Madrid
Bruño
1993
|
| Témata: | |
| Tagy: |
Přidat tag
Žádné tagy, Buďte první, kdo vytvoří štítek k tomuto záznamu!
|
MARC
| LEADER | 00000nam a2200000 a 4500 | ||
|---|---|---|---|
| 001 | UCP5254 | ||
| 003 | CL-VaPUC | ||
| 008 | 990903e19930000SP |||||||||||||||||eng|d | ||
| 082 | 0 | 4 | |a 372.65 |b CEL |2 21 |
| 100 | 0 | |a Celaya Villanueva, María Luz |e author |9 433529 | |
| 700 | 0 | |a Verdaguer Clavera, Isabel |e author |9 433530 | |
| 700 | 0 | |a Tragant Mestres, Elsa |e author |9 433531 | |
| 700 | 0 | |a Padrós Masuet, Miriam |e author |9 433532 | |
| 700 | |a González Davies, Maria |e author |9 590935 | ||
| 700 | 0 | |a Castillo Algaba, María Dolores |e author |9 433534 | |
| 245 | 1 | 0 | |a Hands on A level, english workshops: guía didáctica |
| 300 | |a 109 p | ||
| 942 | |c BK | ||
| 945 | |d 19990903 00:00:00 |a cmena | ||
| 260 | |a Madrid |b Bruño |c 1993 | ||
| 650 | 0 | |a Educación básica |9 224933 | |
| 650 | 0 | |a Enseñanza del inglés |9 367340 | |
| 650 | 0 | |a Enseñanza de idiomas |9 339820 | |
| 583 | |a last modification |c 19990903 00:00:00 |k Rodrigo Vera | ||
| 999 | |c 283027 |d 283025 | ||
| 952 | |0 0 |1 0 |4 0 |6 372_650000000000000_CEL_1993 |7 0 |8 A |9 325767 |a BIBEDU |b BIBEDU |d 2019-11-20 |i 3540898 |o 372.65 CEL 1993 |p 3540898 |r 2019-11-20 |w 2019-11-20 |y BK |k BME | ||